Kura-kura yang tidak berhenti bercakap
| Format: | Book |
|---|---|
| Published: |
[s.n] :
Early Learner Publications S.B ,
2006
|
| Series: | Cerita dari sekitar dunia
|
| Subjects: |
MARC
| LEADER | 00000cam a2200000 7i4500 | ||
|---|---|---|---|
| 001 | 0000054212 | ||
| 005 | 20220105104202.0 | ||
| 008 | 151103 | ||
| 020 | |a 9833645593 (siri) | ||
| 020 | |a 9833645763 | ||
| 090 | 0 | 0 | |a JP |b MAL |
| 245 | 0 | 0 | |a Kura-kura yang tidak berhenti bercakap |
| 260 | |a [s.n] : |b Early Learner Publications S.B , |c 2006 | ||
| 490 | 1 | |a Cerita dari sekitar dunia | |
| 500 | |a Children age 4-6 years old (yellow) | ||
| 650 | 0 | |a Children's stories,Malay | |
| 999 | |a 0001138853 |b Book |c Children Collection |e Cawangan Segamat | ||